Database system concepts (Record no. 489)

000 -LEADER
fixed length control field 00571nam a22002297a 4500
001 - CONTROL NUMBER
control field 489
003 - CONTROL NUMBER IDENTIFIER
control field BD-DhUET
008 - FIXED-LENGTH DATA ELEMENTS--GENERAL INFORMATION
fixed length control field 140722b xxu||||| |||| 00| 0 eng d
020 ## - INTERNATIONAL STANDARD BOOK NUMBER
International Standard Book Number 007124476X
040 ## - CATALOGING SOURCE
Transcribing agency 0
Modifying agency BD-DhUET
082 ## - DEWEY DECIMAL CLASSIFICATION NUMBER
Classification number 005.74
Item number SIL/2006
100 ## - MAIN ENTRY--PERSONAL NAME
Personal name Silberschatz, Abraham
245 ## - TITLE STATEMENT
Title Database system concepts
250 ## - EDITION STATEMENT
Edition statement 5th ed.
260 ## - PUBLICATION, DISTRIBUTION, ETC. (IMPRINT)
Place of publication, distribution, etc. Boston
Name of publisher, distributor, etc. McGraw-Hill
Date of publication, distribution, etc. 2006
300 ## - PHYSICAL DESCRIPTION
Extent xxvi,1142p.
Other physical details ill.
504 ## - BIBLIOGRAPHY, ETC. NOTE
Bibliography, etc Includes bibliographies
650 #0 - SUBJECT ADDED ENTRY--TOPICAL TERM
Topical term or geographic name as entry element Database management
700 ## - ADDED ENTRY--PERSONAL NAME
Personal name Korth, Henry F.
700 ## - ADDED ENTRY--PERSONAL NAME
Personal name Sudarshan, S.
942 ## - ADDED ENTRY ELEMENTS (KOHA)
Koha item type General Book
Holdings
Koha renewals Price effective from Damaged status Shelving location Source of classification or shelving scheme Koha full call number Koha date last seen Not for loan Sublocation or collection (holding branch) Koha normalized classification for sorting Date acquired Withdrawn status Koha issues (times borrowed) Lost status Copy number Location (home branch) Koha item type Koha date last borrowed Piece designation (barcode)
 2014-07-22 Circulation section 007.74/SIL/20062014-07-22 Central Library, BUET007_000000000000000_74SIL20062014-07-22   1Central Library, BUETGeneral Book 103320
22014-07-22 Circulation section 007.74/SIL/20062016-12-24 Central Library, BUET007_000000000000000_74SIL20062014-07-22   2Central Library, BUETGeneral Book 103321
 2014-08-25 Circulation section 005.74 SIL/20062014-08-25 Central Library, BUET005_740000000000000_SIL20062014-08-25   3Central Library, BUETGeneral Book 103322
 2014-08-25 Circulation section 005.74/SIL/20062021-12-18 Central Library, BUET005_000000000000000_74SIL20062014-08-25 1 4Central Library, BUETGeneral Book2021-12-04103323
 2014-08-25 Circulation section 005.74/SIL/20062014-08-25 Central Library, BUET005_000000000000000_74SIL20062014-08-25   5Central Library, BUETGeneral Book 103324
 2014-08-25 Circulation section 005.74/SIL/20062014-08-25 Central Library, BUET005_740000000000000_SIL_20062014-08-25   6Central Library, BUETGeneral Book 103325
 2014-08-25 Circulation section 005.74/SIL/20062017-07-16 Central Library, BUET005_740000000000000_SIL_20062014-08-25 1 7Central Library, BUETGeneral Book2017-07-01103326
 2014-08-25 Circulation section 005.74/SIL/20062014-08-25 Central Library, BUET005_000000000000000_74SIL20062014-08-25   8Central Library, BUETGeneral Book 103327
 2014-08-25 Circulation section 005.74/SIL/20062014-08-25 Central Library, BUET005_000000000000000_74SIL20062014-08-25   9Central Library, BUETGeneral Book 103328
 2014-08-25 Circulation section 005.74/SIL/20062014-08-25 Central Library, BUET005_000000000000000_74SIL20062014-08-25   10Central Library, BUETGeneral Book 103329
 2015-06-09 Reading section 005.74/SIL/20062015-06-09 Central Library, BUET005_740000000000000_SIL_20062015-06-09   11Central Library, BUETReading Item 102172
 2015-06-09 Reading section 005.74/SIL/20062015-06-09 Central Library, BUET005_740000000000000_SIL_20062015-06-09   12Central Library, BUETReading Item 102554